Production/Operations Management Concepts and Situations

Gespeichert in:
Bibliographische Detailangaben
1. Verfasser: Schmenner, Roger W.
Format: Buch
Sprache:Englisch
Veröffentlicht: New York MacMillan Publ. Co. 1990
Ausgabe:4. ed.
Schlagworte:
Tags: Tag hinzufügen
Keine Tags, Fügen Sie das erste Tag hinzu!

MARC

LEADER 00000nam a2200000 4500
001 c009673
005 20221206123032.5
020 |a 0-02-406925-6 
041 0 |a eng 
044 |a US 
245 1 0 |a Production/Operations Management  |b Concepts and Situations  |c Roger W. Schmenner 
250 |a 4. ed. 
264 1 |a New York  |b MacMillan Publ. Co.  |c 1990 
300 |a 797 s. 
610 2 0 |a výroba 
610 2 0 |a riadenie výroby 
610 2 0 |a manažment 
100 1 |a Schmenner, Roger W.